00354nam a22001457a 4500003000400000020001800004082001900022100002500041245003000066260004600096300000800142650001800150653001800168700002200186SGT a9789354655548 a616.0757bT23G aGhom, Anil Govindrao aTextbook of Oral Medicine aNew Delhi, IndiabJaypee Publishersc2023 a840 aOral Medicine aOral Medicine aGhom, Savita Anil